Энэтхэг үлгэрүүд (Бичлэгийн дугаар. 52025)
[ энгийн харах ]
| 000 -Удирдлага | |
|---|---|
| Ном зүйн бүртгэл тоо буюу кодлох утгыг агуулсан | 00769 a2200217 4500 |
| 003 - ХЯНАЛТЫН ТОО ТОДОРХОЙЛОГЧ | |
| Код | MN-UlNLM |
| 005 - ХАМГИЙН СҮҮЛИЙН ҮЕИЙН ХЭЛЦЛИЙН ОГНОО БА ЦАГ | |
| Тухайн бичилтийг бичсэн засварласан сүүлийн огноо. | 20220722164615.0 |
| 008 - ЕРӨНХИЙ МЭДЭЭЛЭЛ-ЭЛЕМЕНТҮҮДИЙН ӨГӨГДЛИЙН УРТ | |
| fixed length control field | a130t1992 mp ||||| |||| 00| 0 mon d |
| 040 ## - ЭХ СУРВАЛЖИЙГ ТОДОРХОЙЛОН БИЧИХ | |
| Анхны каталогийн байгууллага | Монгол Улсын Үндэсний номын сан |
| 084 ## - БУСАД АНГИЛЛЫН ДУГААР | |
| Анги | 84.5Ид |
| Ангиллын нэр | Номын сан номзүйн ангилал |
| Зохиогчийн 3-н тэмдэгт | Э 67 |
| Шинжлэх ухааны мэдлэгийн салбар | Уран зохиол - 84 |
| 245 0# - ҮНДСЭН ГАРЧИГ | |
| Гарчиг | Энэтхэг үлгэрүүд |
| Оролцогчдын тухай мэдээ | Орч. Л.Алтанхуяг |
| 250 ## - ХЭВЛЭЛТИЙН ТУХАЙ МЭДЭЭ | |
| Дахин хэвлэлтийн мэдээ | 1 |
| 260 1# - ГАРАЛТЫН ТУХАЙ МЭДЭЭ | |
| Хэвлэгдсэн он | 1992 |
| Хэвлэгдсэн газар | УБ |
| Хэвлэлийн газар | Улсын стандарт, үнийн жагсаалт ХГ |
| 300 ## - ТООНЫ МЭДЭЭ | |
| Хуудасны тоо | 16x |
| 546 ## - ХЭЛНИЙ ТУХАЙ МЭДЭЭ | |
| Хэл | |
| 653 ## - ТҮЛХҮҮР ҮГС | |
| Түлхүүр үг | Уран зохиол |
| 740 ## - НОМЫН АГУУЛГЫН ГАРЧИГ | |
| Номын гарчгууд | Тусыг үл умартагч заан |
| -- | Хосгүй нэгэн харваач |
| -- | Хулганад идүүлсэн анжисны хушуу |
| 856 ## - ЭЛЕКТРОН БАЙРЛАЛ БА ХОЛБООС | |
| Төрөл | Хэвлэмэл ном |
| 942 ## - ЭЛЕМЕНТИЙН ТӨРӨЛ | |
| Төрөл | Ном |
| Буцаан татагдсан төлөв | Хасагдсан шалтгаан | Гэмтсэн төлөв | Данс заагч | Захиалах боломжгүй | Үндсэн номын сан | Одоогийн байршил | Салбар танхим | Сан хөмрөг 5 | Бүртгэсэн огноо | Тавиурын заалт | Баркод | Үнэ | Хамгийн сүүлд байсан огноо | Салбар | Нийт уншлаганд гарсан тоо | Хамгийн сүүлд уншлаганд гарсан огноо | Төрөл | Бүрдүүлэлтийн эх үүсвэр | Уншигчдад зориулсан мэдээлэл |
|---|---|---|---|---|---|---|---|---|---|---|---|---|---|---|---|---|---|---|---|
| МУҮНомын сан салбар | МУҮНомын сан салбар | МУҮНС салбар | Язгуур танхим 8 давхар | 2021-09-01 | 52429 | 02052429 | 8.00 | 2021-09-01 | 0000020524 | 1 | 2016-12-27 | Ном | ||||||||
| МУҮНомын сан салбар | МУҮНомын сан салбар | МУҮНС салбар | Язгуур танхим 8 давхар | 2021-09-01 | 52428 | 02052428 | 8.00 | 2021-09-01 | 0000020524 | Ном | ||||||||||
| МУҮНомын сан салбар | МУҮНомын сан салбар | МУҮНС салбар | Цахим танхим 3 давхар | МУҮНС салбар | Цахим танхим 3 давхар | 2022-02-25 | 1165 | 000911001165 | 5240.00 | 2022-02-25 | Цахим материал | Худалдан авсан | Киндлээр уншина |